000 00377nam a2200133Ia 4500
005 20260328104341.0
008 260328s9999||||xx |||||||||||||| ||und||
100 _aArosemena, Graciela
245 0 _aUrban Development and the Panamá Canal Zone :
_b The case of Fort Clayton /
_cGraciela Arosemena
260 _bSpringer
300 _a221 p.
650 _aPANAMÁ
942 _cBK
999 _c12130
_d12130